<?xml version="1.0" encoding="UTF-8"?>
<collection xmlns="http://www.loc.gov/MARC21/slim">
<record>
  <controlfield tag="001">162358</controlfield>
  <controlfield tag="005">20251017144644.0</controlfield>
  <datafield tag="024" ind1="7" ind2=" ">
    <subfield code="2">doi</subfield>
    <subfield code="a">10.1016/j.jelechem.2025.119324</subfield>
  </datafield>
  <datafield tag="024" ind1="8" ind2=" ">
    <subfield code="2">sideral</subfield>
    <subfield code="a">144864</subfield>
  </datafield>
  <datafield tag="037" ind1=" " ind2=" ">
    <subfield code="a">ART-2025-144864</subfield>
  </datafield>
  <datafield tag="041" ind1=" " ind2=" ">
    <subfield code="a">eng</subfield>
  </datafield>
  <datafield tag="100" ind1=" " ind2=" ">
    <subfield code="a">Mekazni, Dalila S.</subfield>
  </datafield>
  <datafield tag="245" ind1=" " ind2=" ">
    <subfield code="a">Searching bioalcohols for more sustainable fuel cells: On the electrochemical oxidation of a glycerol platform molecule on gold</subfield>
  </datafield>
  <datafield tag="260" ind1=" " ind2=" ">
    <subfield code="c">2025</subfield>
  </datafield>
  <datafield tag="506" ind1="0" ind2=" ">
    <subfield code="a">Access copy available to the general public</subfield>
    <subfield code="f">Unrestricted</subfield>
  </datafield>
  <datafield tag="520" ind1="3" ind2=" ">
    <subfield code="a">In this work, the electrochemical oxidation of a bio-based platform molecule derived from glycerol, namely glycidol, was investigated on gold electrodes and compared to the electrooxidation of glycerol, since both are C3-based alcohols derived from the same renewable biomass source. Cyclic voltammetry, chronoamperometry, and in situ Fourier-transform infrared spectroscopy (FTIR) experiments were performed in alkaline and acidic media at room temperature to analyze reaction mechanisms and products formation. Both glycerol and glycidol exhibited high reactivity in alkaline conditions. Nevertheless, glycerol oxidation on gold electrodes showed higher activity than glycidol, which can be attributed to the highly stable cyclic structure of glycidol and differences in the acidity of their alcohol groups. FTIR analysis and in situ infrared reflection absorption spectroscopy of glycidol electrooxidation revealed the formation of various carboxylate anions and also carbonate, indicating that in some cases the complete cleavage of the Csingle bondC bond has taken place. These findings provide valuable insights into the electrochemical behavior of glycerol-derived molecules on gold, contributing to the development of more sustainable bio-based fuels.</subfield>
  </datafield>
  <datafield tag="536" ind1=" " ind2=" ">
    <subfield code="9">info:eu-repo/grantAgreement/ES/AEI/PID2022-137350NB-I00</subfield>
    <subfield code="9">info:eu-repo/grantAgreement/ES/MINECO/PID2021-125762NB-I00</subfield>
  </datafield>
  <datafield tag="540" ind1=" " ind2=" ">
    <subfield code="9">info:eu-repo/semantics/openAccess</subfield>
    <subfield code="a">by-nc</subfield>
    <subfield code="u">https://creativecommons.org/licenses/by-nc/4.0/deed.es</subfield>
  </datafield>
  <datafield tag="655" ind1=" " ind2="4">
    <subfield code="a">info:eu-repo/semantics/article</subfield>
    <subfield code="v">info:eu-repo/semantics/publishedVersion</subfield>
  </datafield>
  <datafield tag="700" ind1=" " ind2=" ">
    <subfield code="a">Rodes, Antonio</subfield>
  </datafield>
  <datafield tag="700" ind1=" " ind2=" ">
    <subfield code="a">Arán-Ais, Rosa M.</subfield>
  </datafield>
  <datafield tag="700" ind1=" " ind2=" ">
    <subfield code="a">Leal-Duaso, Alejandro</subfield>
    <subfield code="0">(orcid)0000-0002-3256-2089</subfield>
  </datafield>
  <datafield tag="700" ind1=" " ind2=" ">
    <subfield code="a">Sánchez-Sánchez, Carlos M.</subfield>
  </datafield>
  <datafield tag="700" ind1=" " ind2=" ">
    <subfield code="a">Herrero, Enrique</subfield>
  </datafield>
  <datafield tag="773" ind1=" " ind2=" ">
    <subfield code="g">995 (2025), 119324 [9 pp.]</subfield>
    <subfield code="p">J. electroanal. chem.</subfield>
    <subfield code="t">JOURNAL OF ELECTROANALYTICAL CHEMISTRY</subfield>
    <subfield code="x">1572-6657</subfield>
  </datafield>
  <datafield tag="856" ind1="4" ind2=" ">
    <subfield code="s">1882239</subfield>
    <subfield code="u">http://zaguan.unizar.es/record/162358/files/texto_completo.pdf</subfield>
    <subfield code="y">Versión publicada</subfield>
  </datafield>
  <datafield tag="856" ind1="4" ind2=" ">
    <subfield code="s">2658472</subfield>
    <subfield code="u">http://zaguan.unizar.es/record/162358/files/texto_completo.jpg?subformat=icon</subfield>
    <subfield code="x">icon</subfield>
    <subfield code="y">Versión publicada</subfield>
  </datafield>
  <datafield tag="909" ind1="C" ind2="O">
    <subfield code="o">oai:zaguan.unizar.es:162358</subfield>
    <subfield code="p">articulos</subfield>
    <subfield code="p">driver</subfield>
  </datafield>
  <datafield tag="951" ind1=" " ind2=" ">
    <subfield code="a">2025-10-17-14:33:13</subfield>
  </datafield>
  <datafield tag="980" ind1=" " ind2=" ">
    <subfield code="a">ARTICLE</subfield>
  </datafield>
</record>
</collection>